| 000 | 01414nam a2200337 c 4500 | ||
|---|---|---|---|
| 003 | BLK | ||
| 005 | 20180422093453.0 | ||
| 008 | 180412b bul|||||r ||||||| ||bul|| | ||
| 010 | _aKNG00005561000 | ||
| 020 |
_a954-527-042-Х _bиздат.: Дамян Яков - на том(т. 3) |
||
| 040 | _aBLK | ||
| 041 |
_aBUL _cBUL |
||
| 080 |
_aНемска литература _b821.112.2 _x-93-34 _z821.112.2-93-34 |
||
| 100 | 1 |
_aХауф, Вилхелм _eпърви автор _9241918 |
|
| 700 | 1 |
_aЖдребев, Борислав _eил. _9248644 |
|
| 700 | 1 |
_aПетрова, Весела _eпрев. на том _9363689 |
|
| 139 |
_aХауф, Вилхелм _bХ 33 |
||
| 245 | 1 | 0 |
_aПриказки _bТ. 1 - _cВилхелм Хауф; ил. Борислав Ждребев; прев. на том Весела Петрова. _nТ. 3 |
| 257 | _aDEU | ||
| 260 |
_аСофия _c1994 - _fВраца : Полипринт |
||
| 300 | _c21 см | ||
| 380 | _aDX | ||
| 490 | 1 | _aБиблиотека Грaхови зърна | |
| 500 | _aОфс. изд. | ||
| 760 | 1 |
_3- на том(т. 3) _aХауф, Вилхелм _dДамян Яков, 1994 _h184 с. : с ил. _nПрев. е направен от Marchen / Wilhelm Hauff _tТ. 3 |
|
| 852 | _aЦб 192135 | ||
| 856 | 4 |
_qpdf _u |
|
| 856 | 4 |
_qpdf _u |
|
| 942 |
_cKNG _n0 |
||
| 944 |
_aCR _c15.01.2003 _kГеновева_Генчева |
||
| 944 |
_aED _c26.09.2017 _kСевдалина_Василева |
||
| 999 |
_c4419 _d4419 |
||